Statistics for NRL Clive Churchill Medal Winners

Click here to take the quiz!

General Stats

  • This quiz has been taken 160 times
  • The average score is 6 of 15

Answer Stats

Hint Answer % Correct
2009Billy Slater
82%
2001Andrew Johns
72%
2000Darren Lockyer
68%
2011Glenn Stewart
63%
2007Greg Inglis
63%
2010Darius Boyd
45%
2005Scott Prince
38%
2004Willie Mason
34%
1999Brett Kimmorley
30%
2008Brent Kite
29%
2006Shaun Berrigan
24%
2002Graig Fitzgibbon
24%
1998Gorden Tallis
22%
2003Luke Priddis
19%
1997Robbie O'Davis
18%

Score Distribution

Percentile by Number Answered

Percent of People with Each Score

Your Score History

You have not taken this quiz